La derecha sin remedio (Record no. 77798)

MARC details
000 -LEADER
campo de control de longitud fija 00938nam a2200277 i 4500
001 - NÚMERO DE CONTROL
campo de control 77798
003 - IDENTIFICADOR DE NÚMERO DE CONTROL
campo de control ES-MaACL
005 - FECHA Y HORA DE LA ÚLTIMA TRANSACCIÓN
campo de control 20231229063019.0
007 - CAMPO FIJO DE DESCRIPCIÓN FÍSICA--INFORMACIÓN GENERAL
campo de control de longitud fija t|
008 - DATOS DE LONGITUD FIJA--INFORMACIÓN GENERAL
campo de control de longitud fija 041110s1987 sp |||| | spa d
020 ## - NÚMERO INTERNACIONAL ESTÁNDAR DEL LIBRO
Número Internacional Estándar del Libro 84-01-33331-8
080 ## - NÚMERO DE LA CLASIFICACIÓN DECIMAL UNIVERSAL
Número de la Clasificación Decimal Universal 329.11(460)"18/19"
080 ## - NÚMERO DE LA CLASIFICACIÓN DECIMAL UNIVERSAL
Número de la Clasificación Decimal Universal 329.055.2(460)"18/19"
100 1# - ENTRADA PRINCIPAL--NOMBRE DE PERSONA
Nombre de persona Cierva, Ricardo de la,
Fechas asociadas al nombre 1926-2015
9 (RLIN) 38790
245 13 - MENCIÓN DEL TÍTULO
Título La derecha sin remedio
Resto del título : de la prisión de Jovellanos al martirio de Fraga /
Mención de responsabilidad, etc. Ricardo de la Cierva.
250 ## - MENCION DE EDICION
Mención de edición 1ª ed.
260 ## - PUBLICACIÓN, DISTRIBUCIÓN, ETC.
Lugar de publicación, distribución, etc. Esplugues de Llobregat (Barcelona) :
Nombre del editor, distribuidor, etc. Plaza & Janés,
Fecha de publicación, distribución, etc. 1987.
300 ## - DESCRIPCIÓN FÍSICA
Extensión 425 p. ;
Dimensiones 22 cm.
490 1# - MENCIÓN DE SERIE
Mención de serie Plaza & Janés época
650 #4 - PUNTO DE ACCESO ADICIONAL DE MATERIA--TÉRMINO DE MATERIA
Término de materia o nombre geográfico como elemento de entrada Conservadurismo-
Subdivisión geográfica España-
Subdivisión cronológica S.XIX.
9 (RLIN) 11286
650 #4 - PUNTO DE ACCESO ADICIONAL DE MATERIA--TÉRMINO DE MATERIA
Término de materia o nombre geográfico como elemento de entrada Conservadurismo-
Subdivisión geográfica España-
Subdivisión cronológica S.XX.
9 (RLIN) 11287
650 #4 - PUNTO DE ACCESO ADICIONAL DE MATERIA--TÉRMINO DE MATERIA
Término de materia o nombre geográfico como elemento de entrada Derecha (Política)-
Subdivisión geográfica España.
9 (RLIN) 11601
830 0# - PUNTO DE ACCESO ADICIONAL DE SERIE-TÍTULO UNIFORME
Título uniforme Plaza & Janés época
9 (RLIN) 231362
852 ## - LOCALIZACIÓN
Ubicación ES-MaACL
Número de control de estantería E-10301
Holdings
Estatus retirado Estado de pérdida Estado de daño No para préstamo Biblioteca de origen Biblioteca actual Ubicación en estantería Fecha de adquisición Fuente de adquisición Total de préstamos Signatura topográfica completa Código de barras Visto por última vez Precio de reemplazo Tipo de ítem Koha
        Biblioteca del Ateneo de Madrid Biblioteca del Ateneo de Madrid Depósito 2 17/01/2008     E-10301 1081388 23/02/2023 23/02/2023 Libro impreso